| 000 | 00802nam a2200253Ia 4500 | ||
|---|---|---|---|
| 003 | GCL | ||
| 008 | 140319s9999 xx 000 0 ara d | ||
| 040 |
_aGCL / _cGCL |
||
| 082 | 0 | 4 |
_aق _b708.962 _bح ق |
| 100 | 1 | _aحسن عثمان | |
| 245 | 1 | 0 |
_aالقاهرة فى باريس اعمال منسية من القرن التاسع عشر / _cحسن عثمان |
| 260 |
_a[S.N] : _bالهيئة المصرية العامة للكتاب ، _c1994 |
||
| 300 | _a250 ص | ||
| 490 | _a | ||
| 650 | 0 | 4 | _aمصر |
| 650 | 0 | 4 | _aالمتاحف |
| 650 | 0 | 4 | _aالفن المصرى |
| 650 | 0 | 4 | _aباريس |
| 650 | 0 | 4 | _aمتحف محمد محمود خليل |
| 650 | 0 | 4 | _aمتحف الجزيرة |
| 650 | 0 | 4 | _aمتحف قصر المنيل |
| 650 | 0 | 4 | _aلوحات وتماثيل |
| 942 |
_2ddc _cBK |
||
| 999 |
_c37144 _d37144 |
||